000 00947nas a2200313 4500
001 BR0002131
003 BR-BrBNA
005 20231205101828.0
007 ta
008 230509b bl.|||p| |||| 00| 00por d
040 _aBR-BrBNA
_bpor
_cBiblioteca Nacional de Agricultura
041 _a(Pt)
072 _aJ11
100 1 _aMaia, M.C.C.
100 1 _aPedrosa, J.F.
100 1 _aTorres Filho, J.
100 1 _aNegreiros, M.Z. de
100 1 _aBezerra Neto, F.
245 1 _aCaracteristicas de qualidade de cebola multipla durante armazenamento sob condicao ambiental nao controlada
650 _aCebola
650 _aArmazenamento
650 _aCondicao Ambiental
650 _aPos-Colheita
650 _aQualidade
650 _aRio Grande do Norte
773 0 _tHorticultura Brasileira (Brazil)
_xISSN 0102-0536
_g(Mar 2000), v. 18(1) p. 61-64
_wBR0002131
909 _a202311
_bLúcia
_c55
_dLúcia Elande
942 _2AGRIS
_n0
_cANA
999 _c164189
_d164189